Normal view
MARC view
Entry Topical Term
001 - CONTROL NUMBER
- control field: 152445
003 - CONTROL NUMBER IDENTIFIER
- control field: OSt
005 - DATE AND TIME OF LATEST TRANSACTION
- control field: 20240229103740.0
008 - FIXED-LENGTH DATA ELEMENTS
- fixed length control field: 240229|| aca||aabn | a|a d
040 ## - CATALOGING SOURCE
- Original cataloging agency: OSt
- Transcribing agency: OSt
150 ## - HEADING--TOPICAL TERM
- Topical term or geographic name entry element: Do you know where your costs are
670 ## - SOURCE DATA FOUND
- Source citation: Work cat.: (OSt): Maital, Shlomo. 152443, Executive economics : , 1994.